[Event "Hoogovens"]
[Site "Wijk aan Zee"]
[Date "1988.??.??"]
[Round "?"]
[White "Van der Sterren, Paul"]
[Black "Piket, Jeroen"]
[Result "0-1"]
[WhiteElo "2470"]
[BlackElo "2470"]

1.d4 Nf6 2.c4 g6 3.Nc3 Bg7 4.e4 d6 5.Nf3 O-O 6.Be2 e5 7.O-O exd4 8.Nxd4 Re8
9.f3 c6 10.Kh1 Nbd7 11.Bg5 Qa5 12.Be3 Ne5 13.Qd2 Qc7 14.Rad1 a6 15.Bh6 b5
16.Bxg7 Kxg7 17.f4 Ned7 18.cxb5 axb5 19.Bxb5 cxb5 20.Ndxb5 Qc6 21.Nxd6 Rxe4
22.Ncxe4 Nxe4 23.Nxe4 Qxe4 24.Rfe1 Qf5 25.Qd4+ Nf6 26.Re5 Qg4 27.h3 Qh4 28.Re7 Be6
29.a3 Bd5 30.Kg1 Rc8 31.Qf2 Qxf2+ 32.Kxf2 Rc5 33.g3 Be6 34.Rb7 Rc2+ 35.Ke3 Nd5+
36.Kd4 Bxh3 37.Rd3 Bf5 38.Rf3 Rd2+ 39.Kc5 Be4 40.Rfb3 h5 41.Rd7 Rc2+ 42.Kd4 Bf5
43.Rd6 Nf6 44.Rdb6 Rd2+ 45.Kc4 Ne4 46.a4 Rg2 47.a5 Nd2+ 48.Kd4 Nxb3+ 49.Rxb3 Be6
50.Rb8 Rxg3 51.a6 Bh3 52.a7 Bg2 53.a8=Q Bxa8 54.Rxa8 Rb3 55.Ra2 h4 56.Kc4 Rf3
57.b4 Rxf4+ 58.Kc5 Rf5+ 59.Kc6 g5 60.b5 h3 61.b6 Rf6+ 62.Kc5 Rxb6 63.Kxb6 g4  0-1

[Event "Hoogovens-B"]
[Site "Wijk aan Zee"]
[Date "1988.??.??"]
[Round "?"]
[White "Douven, Rudy C"]
[Black "Nijboer, Friso"]
[Result "1-0"]
[WhiteElo "2410"]
[BlackElo "2375"]

1.d4 Nf6 2.c4 g6 3.Nc3 Bg7 4.e4 d6 5.Be2 O-O 6.Nf3 e5 7.Be3 h6 8.dxe5 Ng4
9.Bf4 Nxe5 10.Qd2 Kh7 11.Nd4 Nbd7 12.O-O Nf6 13.h3 Re8 14.Rae1 c6 15.Kh1 Ned7
16.Bd1 Nc5 17.Bc2 a6 18.Nb3 Bf8 19.Nxc5 dxc5 20.Qxd8 Rxd8 21.Na4 Be6 22.Nb6 Ra7
23.Rd1 Be7 24.Bc7 Rxd1 25.Rxd1 a5 26.f4 Ne8 27.Bd8 Bxd8 28.Rxd8 Ng7 29.Rb8 Nh5
30.g3 Bxh3 31.Kh2 Bg4 32.f5 gxf5 33.exf5 Kg7 34.Nc8 Ra6 35.Nd6 Kf6 36.Rxb7 Ra8
37.Rxf7+ Ke5 38.Rd7 Rf8 39.Nf7+ Kf6 40.Nxh6 Be2 41.Rd6+ Kg7 42.g4 Rf6 43.Rxf6 Nxf6
44.g5 Bxc4 45.a3 Be2 46.Kg3 c4 47.Kf2 Bh5 48.Ke3  1-0

[Event "Hoogovens-B"]
[Site "Wijk aan Zee"]
[Date "1988.??.??"]
[Round "?"]
[White "Ligterink, Gert"]
[Black "Douven, Rudy C"]
[Result "1-0"]
[WhiteElo "2455"]
[BlackElo "2410"]

1.d4 Nf6 2.c4 g6 3.Nc3 Bg7 4.e4 d6 5.Be2 O-O 6.Nf3 e5 7.d5 a5 8.Bg5 h6 9.Bh4 Na6
10.Nd2 Qe8 11.O-O Nh7 12.a3 h5 13.f3 Bd7 14.b3 Bh6 15.Rb1 Be3+ 16.Kh1 Bc5
17.Qc1 f6 18.Bf2 b6 19.Nb5 Qd8 20.Qc3 Bxf2 21.Rxf2 f5 22.exf5 Bxf5 23.Bd3 Nc5
24.Bxf5 Rxf5 25.b4 Nd7 26.Ne4 Nhf6 27.Qe3 Nxe4 28.fxe4 Rxf2 29.Qxf2 axb4
30.axb4 Nf8 31.Rf1 Qe7 32.h3 Nh7 33.Qe3 Kg7 34.c5 bxc5 35.bxc5 Rb8 36.Na7 Rf8
37.Re1 Qg5 38.Qxg5 Nxg5 39.h4 Nh7 40.Nb5 dxc5 41.Nxc7 Rc8 42.d6 Nf8 43.Rc1 Nd7
44.Kg1 Kf7 45.Rf1+ Kg8 46.Rb1 Kf7 47.Kf2 Rd8 48.Ke3 Nf6 49.Rb6 c4 50.Rc6 Rd7
51.Nb5 Ne8 52.Kd2 Ke6 53.Kc3 Nf6 54.Rxc4 Rb7 55.Kb4 Rb8 56.Ka5 Ra8+ 57.Kb4 Ra1
58.Kc5 Re1 59.Kc6 Rd1 60.Nc7+ Kf7  1-0

[Event "Hoogovens-B"]
[Site "Wijk aan Zee"]
[Date "1988.??.??"]
[Round "?"]
[White "Kouatly, Bachar"]
[Black "Fedorowicz, John P"]
[Result "1/2-1/2"]
[WhiteElo "2450"]
[BlackElo "2560"]

1.d4 Nf6 2.c4 d6 3.Nc3 Nbd7 4.e4 e5 5.Nf3 g6 6.Be2 Bg7 7.O-O O-O 8.Qc2 c6
9.Rd1 Qe7 10.d5 c5 11.a3 Ne8 12.b4 Nc7 13.Bg5 f6 14.Be3 b6 15.Nd2  1/2-1/2

[Event "Zuerich op"]
[Site "Zuerich"]
[Date "1988.??.??"]
[Round "3"]
[White "Huss, Andreas"]
[Black "Floegel, Ulrich"]
[Result "1-0"]
[WhiteElo "2360"]
[BlackElo "2345"]

1.d4 Nf6 2.Nf3 g6 3.c4 Bg7 4.Nc3 O-O 5.e4 d6 6.Be2 c6 7.O-O e5 8.d5 cxd5
9.cxd5 Nbd7 10.Nd2 a5 11.Nc4 Nc5 12.f3 Ne8 13.Be3 b6 14.Rb1 Ba6 15.b4 axb4
16.Rxb4 Bxc4 17.Bxc4 f5 18.Qb1 Nf6 19.Rxb6 Ra3 20.Bxc5 dxc5 21.d6+ Kh8 22.Nd5 Nxd5
23.Bxd5 Bh6 24.Rc6 Be3+ 25.Kh1 Ra7 26.Be6 Qf6 27.d7 Raa8 28.Qb7 Rad8 29.Bxf5 Qh4
30.g3 Qh6 31.Bg4 Bd4 32.Rc8 Qg5 33.Rxd8 Rxd8 34.h4 Qe7 35.Qc8 c4 36.Rb1 Ba7
37.Rb7  1-0

[Event "Aarhus op"]
[Site "Aarhus"]
[Date "1989.??.??"]
[Round "2"]
[White "Olesen, Martin"]
[Black "Burgess, Graham"]
[Result "0-1"]
[WhiteElo "2230"]
[BlackElo "2350"]

1.d4 Nf6 2.c4 g6 3.Nc3 Bg7 4.e4 d6 5.Nf3 O-O 6.Be2 e5 7.O-O exd4 8.Nxd4 Re8
9.f3 c6 10.Re1 d5 11.cxd5 cxd5 12.Bb5 Nc6 13.Be3 Bd7 14.exd5 Nxd5 15.Nxc6 bxc6
16.Nxd5 Bxb2 17.Rb1 Bg7 18.Bf1 Bf5 19.Nf4 Rxe3 20.Rxe3 Bd4 21.Kf2 Bxb1 22.Qxb1 Qh4+
23.g3 Qxh2+ 24.Ng2 Re8  0-1

[Event "Aarhus-C"]
[Site "Aarhus"]
[Date "1989.??.??"]
[Round "4"]
[White "Hutters, Tomas"]
[Black "Sogaard, Soren"]
[Result "1-0"]
[WhiteElo "2235"]
[BlackElo "2340"]

1.d4 Nf6 2.Nf3 g6 3.c4 Bg7 4.Nc3 d6 5.e4 O-O 6.Be2 e5 7.O-O Nbd7 8.d5 a5
9.Bg5 h6 10.Bh4 Nc5 11.Nd2 g5 12.Bg3 Ne8 13.Nb3 f5 14.exf5 Bxf5 15.Nxc5 dxc5
16.Bd3 Nd6 17.Re1 Qe7 18.Re3 Rae8 19.Qe2 Bxd3 20.Qxd3 Nf5 21.Re4 h5 22.h3 Qf7
23.Rae1 Nd6 24.R4e2 e4 25.Qc2 Bd4 26.Bxd6 cxd6 27.Nxe4 Rxe4 28.Qxe4 Bxf2+
29.Kh1 Bxe1 30.Rxe1 Kg7 31.Qe3 Qf5 32.Qc3+ Qf6 33.Re7+ Rf7 34.Qxf6+ Kxf6
35.Re6+ Kf5 36.Rxd6 g4 37.hxg4+ hxg4 38.g3 Re7 39.Rb6 a4 40.Kg1 Ke5 41.Kf2 Kd4
42.Rg6 Kxc4 43.Rxg4+ Kxd5 44.Rxa4 c4 45.Ra5+ Kc6 46.Rf5 Rd7 47.Kg2 b5 48.a3 Rd2+
49.Rf2 Rd3 50.Kh3 Kd6 51.Rc2 Rd4 52.g4 Ke5 53.Rf2 Ke6 54.g5 c3 55.bxc3 Rd3+
56.Kh4 Rxc3 57.g6 Ke7 58.g7 Rc8 59.Kg5 Ra8 60.Rf3  1-0

[Event "Albacete"]
[Site "Albacete"]
[Date "1989.??.??"]
[Round "10"]
[White "Visier Segovia, Fernando"]
[Black "Romero Holmes, Alfonso"]
[Result "1/2-1/2"]
[WhiteElo "2335"]
[BlackElo "2445"]

1.d4 Nf6 2.c4 g6 3.Nc3 Bg7 4.e4 d6 5.Nf3 O-O 6.Be2 Nbd7 7.O-O e5 8.Re1 c6
9.Bf1 a6 10.h3 b5 11.c5 exd4 12.Nxd4 Nxc5 13.Nxc6 Qd7 14.Nb4 Bb7 15.f3 Rfd8
16.Be3 Rac8 17.a4 bxa4 18.Nxa4 Qc7 19.Nd3 Nfd7 20.Rc1 Qa5 21.Naxc5 dxc5 22.Qb3 Ba8
23.Re2 Rc7 24.Rec2 Rdc8 25.Kh1 Bd4 26.Bd2 Qb5 27.Qa2 c4 28.Nb4 Nb6  1/2-1/2

[Event "Alicante op2"]
[Site "Alicante"]
[Date "1989.??.??"]
[Round "?"]
[White "Morovic Fernandez, Ivan"]
[Black "Romero Holmes, Alfonso"]
[Result "1-0"]
[WhiteElo "2540"]
[BlackElo "2445"]

1.Nf3 Nf6 2.c4 d6 3.Nc3 g6 4.d4 Bg7 5.e4 O-O 6.Be2 Nbd7 7.O-O e5 8.Re1 c6
9.Bf1 a6 10.h3 b5 11.c5 exd4 12.Nxd4 Nxc5 13.Nxc6 Qc7 14.Nb4 Bb7 15.Nbd5 Nxd5
16.Nxd5 Bxd5 17.Qxd5 Na4 18.Bf4 Bxb2 19.Bxd6 Qb6 20.Bxf8 Bxa1 21.Qxa8  1-0

[Event "Alicante op2"]
[Site "Alicante"]
[Date "1989.??.??"]
[Round "?"]
[White "Franco Ocampo, Zenon"]
[Black "Reyes Najera, Carlos A"]
[Result "1/2-1/2"]
[WhiteElo "2490"]
[BlackElo "2220"]

1.c4 Nf6 2.Nc3 g6 3.e4 d6 4.d4 Bg7 5.Be2 O-O 6.Nf3 e5 7.O-O Qe8 8.d5 a5 9.Ne1 Na6
10.Nd3 Nc5 11.Nxc5 dxc5 12.d6 c6 13.Bg5 b6 14.Qd2 Qe6 15.f4 exf4 16.Qxf4 Nd7
17.Be7 Be5 18.Qh4 Bxd6 19.Bxf8 Nxf8 20.Rad1 Qe5 21.g3 Ne6 22.Bg4 h5 23.Bxh5 Ra7
24.Be2 Be7 25.Qg4 Rc7 26.Qf3 Ng5 27.Qd3 Rd7 28.Qc2 Rd4 29.Bd3 Bg4 30.Ne2 Bf3
31.Rxf3 Nxf3+ 32.Kg2 Qh5 33.h3 Ng5 34.Nxd4 Qxh3+ 35.Kf2 Qh2+ 36.Ke1 Qxg3+
37.Qf2 Qxf2+ 38.Kxf2 cxd4 39.e5 Bd8 40.Kg3 Ne6 41.Kf3 Bc7 42.Ke4 Ng5+ 43.Kf4 Ne6+
44.Ke4 Ng7  1/2-1/2

[Event "Alicante op"]
[Site "Alicante"]
[Date "1989.??.??"]
[Round "?"]
[White "Cramling, Pia"]
[Black "Brito, Alfredo"]
[Result "1/2-1/2"]
[WhiteElo "2480"]
[BlackElo "2360"]

1.d4 Nf6 2.c4 g6 3.Nc3 Bg7 4.e4 d6 5.Nf3 O-O 6.Be2 e5 7.O-O Qe8 8.dxe5 dxe5
9.Be3 b6 10.Nd5 Na6 11.Bg5 Nxe4 12.Be7 c6 13.Bxf8 Qxf8 14.Ne3 f5 15.Qa4 Qf6
16.Rfd1 Nec5 17.Qa3 Nc7 18.b4 N5e6 19.Nc2 g5 20.Bf1 g4 21.Nd2 Ng5 22.c5 Be6
23.Nc4 Nb5 24.Qb3 e4 25.cxb6 axb6 26.Qe3 Nc3 27.Qxb6 Nxd1 28.Rxd1 f4 29.Rd6 g3
30.hxg3 fxg3 31.fxg3 Rf8 32.Nd2 Qe5 33.Rd8 Qxg3 34.Rxf8+ Bxf8 35.Qe3 Qxe3+
36.Nxe3 Bxb4 37.Ndc4 Bc5 38.a4 Nf7 39.Kh2 Nd6 40.Kg3 Nxc4 41.Nxc4 Kg7 42.Kf4 Bd5
43.a5 Kf6 44.a6 h5 45.g3 Ba7 46.Be2 Bb8+ 47.Ke3 Kg5 48.Kd4 Bxg3 49.Nd2 Kf4
50.Bxh5 Bf2+ 51.Kc3 Ba7 52.Nb3 Ke3 53.Be8 Kf2 54.Nc1 Be3 55.Nb3 Bb6 56.Nc1 c5
57.Bh5 Ba5+ 58.Kc2 Bc6 59.Kb3 Bd2 60.Ne2 Bd5+ 61.Kc2 Ba5 62.Nc3  1/2-1/2

[Event "Alma-Ata"]
[Site "Alma-Ata"]
[Date "1989.??.??"]
[Round "9"]
[White "Murugan, Krishnamoorthy"]
[Black "Ubilava, Elizbar"]
[Result "1-0"]
[WhiteElo "2460"]
[BlackElo "2515"]

1.d4 g6 2.c4 Bg7 3.e4 d6 4.Nc3 Nd7 5.Nf3 e5 6.Be2 Ngf6 7.O-O O-O 8.Re1 Re8
9.Bf1 a5 10.Rb1 h6 11.b3 Ng4 12.d5 f5 13.Bd3 f4 14.a3 h5 15.b4 b6 16.Nb5 g5
17.Nd2 Ngf6 18.Bb2 g4 19.Bc3 axb4 20.axb4 Bh6 21.Ra1 Ba6 22.Nf1 Kh7 23.Ra4 Rg8
24.Qa1 Bxb5 25.Rxa8 Qxa8 26.Qxa8 Rxa8 27.cxb5 Ra3 28.Rc1 f3 29.Rc2 fxg2 30.Kxg2 Nf8
31.f3 Ng6 32.Be2 Nf4+ 33.Kf2 Nh3+ 34.Kg2 gxf3+ 35.Bxf3 Ng5  1-0

[Event "American op"]
[Site "?"]
[Date "1989.??.??"]
[Round "5"]
[White "Browne, Walter S"]
[Black "Ginsburg, Mark"]
[Result "1-0"]
[WhiteElo "2535"]
[BlackElo "2405"]

1.d4 Nf6 2.c4 g6 3.Nc3 Bg7 4.e4 d6 5.Nf3 O-O 6.Be2 e5 7.O-O Nbd7 8.Be3 c6
9.d5 Ng4 10.Bg5 f6 11.Bd2 Nh6 12.dxc6 Nc5 13.b4 Ne6 14.cxb7 Bxb7 15.c5 dxc5
16.Qb3 Qc8 17.Bc4 Re8 18.Bxh6 Bxh6 19.Nb5 Bf8 20.Bxe6+ Qxe6 21.Qxe6+ Rxe6
22.Nc7 Re7 23.Nxa8 cxb4 24.Rab1 Bxe4 25.Rxb4 Bxa8 26.Rd1 Rc7 27.Rb8 Bd5 28.a4 Kf7
29.h3 Bxf3 30.gxf3 Bc5 31.Rdd8 Bd4 32.Rdc8 Rd7 33.Rf8+ Ke6 34.Rbe8+ Kf5 35.Rd8 Rb7
36.Rd6 Kg5 37.Rdxf6 Kh4 38.R8f7 Rb2 39.Rxh7+ Kg5 40.Rff7 Bxf2+ 41.Kf1 Ra2
42.Rh8 a5 43.Ra8 Bd4 44.f4+ Kh4 45.fxe5  1-0

[Event "ARG-ch"]
[Site "?"]
[Date "1989.??.??"]
[Round "3"]
[White "Adla, Diego"]
[Black "Glavina, Pablo"]
[Result "1-0"]
[WhiteElo "2335"]
[BlackElo "2365"]

1.d4 Nf6 2.Nf3 g6 3.c4 Bg7 4.Nc3 O-O 5.e4 d6 6.Be2 e5 7.O-O exd4 8.Nxd4 Re8
9.f3 c6 10.Kh1 Nbd7 11.Bf4 Nh5 12.Bxd6 Qf6 13.Nb3 Nf4 14.c5 b6 15.Qd2 Nxe2
16.Qxe2 a5 17.Rfd1 a4 18.Nd4 a3 19.b4 bxc5 20.bxc5 Ba6 21.Qf2 Ne5 22.Qg3 Nd3
23.Nce2 Bh6 24.Nxc6 Be3 25.e5 Qe6 26.Ned4 Qc4 27.Rxd3 Qxd3 28.f4 Qc3 29.Rd1 Bxd4
30.Nxd4 Qb2 31.Nf5 Qc2 32.Ne3 Qxa2 33.Nd5 Qc2 34.Nf6+ Kh8 35.Rg1 a2 36.Qh4 g5
37.Qxg5 Qg6 38.Qxg6 hxg6 39.Nxe8 Bf1 40.e6 f6 41.Be7  1-0

[Event "ARG-ch"]
[Site "?"]
[Date "1989.??.??"]
[Round "7"]
[White "Walicki, Diego"]
[Black "Glavina, Pablo"]
[Result "1-0"]
[WhiteElo "2255"]
[BlackElo "2365"]

1.Nf3 Nf6 2.c4 g6 3.Nc3 Bg7 4.e4 d6 5.d4 O-O 6.Be2 e5 7.O-O exd4 8.Nxd4 Re8
9.f3 c6 10.Kh1 Nbd7 11.Bg5 a5 12.Qd2 a4 13.Rad1 Qa5 14.Rfe1 Nb6 15.Bf4 Qc5
16.b3 d5 17.cxd5 cxd5 18.Ncb5 dxe4 19.Nc7 exf3 20.Bxf3 Bd7 21.Rxe8+ Rxe8
22.Nxe8 Bxe8 23.Be3 Nbd5 24.Bg1 Qc3 25.Ne2 Qxd2 26.Rxd2 axb3 27.axb3 Bc6
28.Bd4 Bh6 29.Ra2 Nd7 30.Ra8+ Bf8 31.Rd8 N5b6 32.Bxc6 bxc6 33.Nc3 c5 34.Bf2 Kg7
35.Na4 Be7 36.Re8 Bf8 37.Nxb6 Nxb6 38.Rxf8  1-0

[Event "Athens Akropolis"]
[Site "Athens"]
[Date "1989.??.??"]
[Round "?"]
[White "Skembris, Spyridon"]
[Black "Grivas, Efstratios"]
[Result "1/2-1/2"]
[WhiteElo "2455"]
[BlackElo "2440"]

1.d4 Nf6 2.c4 g6 3.Nc3 Bg7 4.e4 d6 5.Nf3 O-O 6.Be2 e5 7.dxe5 dxe5 8.Qxd8 Rxd8
9.Bg5 Re8 10.Nd5 Nxd5 11.cxd5 c6 12.Bc4 cxd5 13.Bxd5 h6 14.Bd2  1/2-1/2

[Event "Athens Akropolis (Women)"]
[Site "Athens"]
[Date "1989.??.??"]
[Round "?"]
[White "Flear, Christine"]
[Black "Petrovic, Marija"]
[Result "0-1"]
[WhiteElo "2170"]
[BlackElo "2305"]

1.d4 Nf6 2.c4 g6 3.Nc3 Bg7 4.e4 d6 5.Be2 O-O 6.Nf3 Nbd7 7.O-O e5 8.Qc2 exd4
9.Nxd4 Nc5 10.Rd1 Re8 11.f3 Nh5 12.g3 a5 13.f4 Nf6 14.e5 Ng4 15.exd6 cxd6
16.Nd5 Nf6 17.Ne3 Qb6 18.Kg2 Bd7 19.Bf3 Rac8 20.g4 Ne6 21.Nxe6 Bxe6 22.Qb3 Qc5
23.g5 Nh5 24.Bxh5 gxh5 25.Qxb7 Bxc4 26.Qf3 Bd4 27.Nxc4 Qxc4 28.Bd2 Re2+ 29.Kh1 Rf2
30.Qb7 Re8 31.Bxa5 Qe2  0-1

[Event "Augustow"]
[Site "Augustow"]
[Date "1989.??.??"]
[Round "4"]
[White "Zlotnik, Boris A"]
[Black "Klimaszewski, Dariusz"]
[Result "1-0"]
[WhiteElo "2420"]
[BlackElo "2245"]

1.c4 Nf6 2.d4 g6 3.Nc3 Bg7 4.e4 d6 5.Nf3 O-O 6.Be2 e5 7.d5 Nbd7 8.O-O Nc5
9.Qc2 a5 10.Bg5 h6 11.Be3 Nh5 12.g3 f5 13.Nh4 Qe8 14.Bxh5 gxh5 15.exf5 Qf7
16.Bxc5 dxc5 17.Nb5 Ra6 18.Rad1 Rf6 19.d6 Rxf5 20.Qd2 Be6 21.Nxf5 Qxf5 22.dxc7 h4
23.Qe2 e4 24.Rd8 Be5 25.Qe3  1-0

[Event "Augustow"]
[Site "Augustow"]
[Date "1989.??.??"]
[Round "6"]
[White "Szypulski, Andrzej"]
[Black "Terzic, Safet"]
[Result "0-1"]
[WhiteElo "2390"]
[BlackElo "2360"]

1.d4 Nf6 2.Nf3 g6 3.c4 Bg7 4.Nc3 O-O 5.e4 d6 6.Be2 e5 7.d5 Nbd7 8.Bg5 h6
9.Bh4 a5 10.Nd2 Nc5 11.g4 c6 12.f3 a4  0-1

[Event "AUT-ch"]
[Site "?"]
[Date "1989.??.??"]
[Round "7"]
[White "Hoelzl, Franz"]
[Black "Deutsch, Ludwig"]
[Result "1-0"]
[WhiteElo "2350"]
[BlackElo "2265"]

1.d4 Nf6 2.Nf3 g6 3.c4 Bg7 4.Nc3 d6 5.e4 Nbd7 6.Be2 O-O 7.O-O e5 8.Qc2 c6
9.Rd1 Qc7 10.d5 Re8 11.Be3 Bf8 12.Nd2 a6 13.Rac1 c5 14.a3 Bg7 15.b4 b6 16.Na4 h6
17.Nb3 Bf8 18.bxc5 dxc5 19.Nc3 Kh7 20.a4 Qd6 21.a5 bxa5 22.Na4 Qc7 23.Bd2 Rb8
24.Nxa5 Bb7 25.Ra1 Ba8 26.Ra2 Bd6 27.Rda1 h5 28.h3 Kg7 29.Nc3 Rb6 30.Nb3 Qb7
31.Nc1 Rb8 32.Nd3 Qc8 33.Be3 Bf8 34.Ra5 Bd6 35.Kh2 Qf8 36.f3 Rc8 37.Qa2 Rbb8
38.Rxa6 Ne8 39.Qd2 Qe7 40.Ra7 Nc7 41.R1a5 Bb7 42.Qa2 f5 43.Qa1 f4 44.Bf2 Kh6
45.Qg1 Ne8 46.Rb5 Rc7 47.Qb1 Bc8 48.Rxc7 Bxc7 49.Rxb8 Bxb8 50.Qa1 Nc7 51.Na4 Na6
52.Nxf4 Kh7 53.Ne6 Bd6 54.h4 Nb4 55.Qc1 Na6 56.g3 Bb7 57.Qg5 Nf6 58.Be3 Ng8
59.Qxe7+ Nxe7 60.Naxc5 Bc8 61.Nxa6  1-0

[Event "AUT-chT"]
[Site "?"]
[Date "1989.??.??"]
[Round "?"]
[White "Hanel, Reinhard"]
[Black "Schuh, Franz"]
[Result "1/2-1/2"]
[WhiteElo "2375"]
[BlackElo "2295"]

1.c4 Nf6 2.Nc3 g6 3.d4 Bg7 4.Nf3 O-O 5.e4 d6 6.Be2 e5 7.dxe5 dxe5 8.Qxd8 Rxd8
9.Bg5 Re8 10.Nd5 Nxd5 11.cxd5 f5 12.Nd2 c6 13.Bc4 b5 14.Bb3 h6 15.dxc6+ Be6
16.c7 Bxb3 17.cxb8=Q Rexb8 18.Nxb3 hxg5 19.Ke2 Kf7 20.Rhd1 Rb7 21.Rac1 a5
22.Rc6 Rh8 23.h3 Rh4 24.Nc5 Ra7 25.Rdd6 g4 26.g3 Rxh3 27.Rxg6 f4 28.Rxg4 fxg3
29.Ne6 Bf6 30.Rxg3 Rxg3 31.fxg3 Rd7 32.Nc7 Rd4 33.Nxb5 Rxe4+ 34.Kd3 Rb4 35.Nd6+ Kf8
36.Nc4 e4+ 37.Kc2 Ke7 38.b3 a4 39.Ne3 axb3+ 40.axb3 Rb5 41.Rc7+ Kd6 42.Rc8 Rg5
43.Ra8 Kd7 44.Ra7+ Kc8 45.Ra4 Rxg3 46.Rxe4 Kb7 47.Nd5 Bd8 48.Re6 Ba5 49.Kb2 Rg5
50.Rd6 Kc8 51.Ka3 Rg4 52.Ra6 Bd2 53.Ra7 Be1  1/2-1/2

[Event "AUT-chT"]
[Site "?"]
[Date "1989.??.??"]
[Round "?"]
[White "Titz, Heimo"]
[Black "Druckenthaner, Andreas"]
[Result "1-0"]
[WhiteElo "2210"]
[BlackElo "2290"]

1.c4 Nf6 2.Nc3 g6 3.e4 d6 4.d4 Bg7 5.Be2 O-O 6.Nf3 e5 7.O-O Nbd7 8.Be3 Ng4
9.Bg5 f6 10.Bd2 Nh6 11.d5 Nf7 12.Ne1 f5 13.Nd3 Nf6 14.f3 c6 15.dxc6 bxc6
16.Be3 Be6 17.b3 Qe7 18.Qc1 fxe4 19.Nxe4 Rfd8 20.Qa3 Nxe4 21.fxe4 Ng5 22.Nf2 Bf7
23.Bg4 Ne6 24.Bxe6 Qxe6 25.Rad1 d5 26.cxd5 cxd5 27.exd5 Rxd5 28.Rxd5 Qxd5
29.Ng4 h5 30.Nf6+ Bxf6 31.Rxf6 Qe4 32.Qc5 Rd8 33.h3 a6 34.Kh2 Bd5 35.Rf2 Re8
36.Qa7 Bb7 37.Qc5 Bd5 38.Qd6 Qxe3 39.Qxg6+ Kh8 40.Qxe8+ Kg7 41.Qe7+ Kh8 42.Rf8+ Bg8
43.Qf6+ Kh7 44.Re8  1-0

[Event "AUT-chT"]
[Site "?"]
[Date "1989.??.??"]
[Round "?"]
[White "Titz, Heimo"]
[Black "Watzka, Horst"]
[Result "0-1"]
[WhiteElo "2210"]
[BlackElo "2330"]

1.Nf3 Nf6 2.c4 g6 3.Nc3 Bg7 4.e4 d6 5.d4 O-O 6.Be2 e5 7.O-O Qe8 8.dxe5 dxe5
9.Be3 b6 10.Nd5 Na6 11.Nd2 Nd7 12.a3 c6 13.Nc3 Nc7 14.b4 Ne6 15.Nb3 Bb7 16.b5 Rd8
17.bxc6 Bxc6 18.Nd5 Ba4 19.Qb1 Rc8 20.Nc3 Nd4 21.Bxd4 Bxb3 22.Bxb6 Bxc4 23.Bxa7 Bxe2
24.Nxe2 Qe6 25.Rd1 Nf6 26.Qd3 Qc4 27.f3 Bh6 28.Be3 Qxd3 29.Rxd3 Bxe3+ 30.Rxe3 Rfd8
31.Rc3 Rb8 32.Rc2 Rd6 33.a4 Ra6 34.Kf1 Rb4 35.a5 Rb5 36.Rca2 Rc5 37.Nc1 Nd7
38.Nd3 Rb5 39.Ra4 Nc5 40.Nxc5 Rxc5 41.R4a2 Kf8 42.Kf2 Ke7 43.Kg3 Ke6 44.h4 Kf6
45.h5 gxh5 46.Kh4 Kg6 47.g3 Rc3 48.f4 Kh6 49.Ra3 Rc4 50.Ra4 Rc3 51.R1a3 Rc1
52.Kh3 Rc2 53.Rd3 Rc5 54.Rd5 Rxd5 55.exd5 exf4 56.d6 Rxd6 57.a6 f3 58.g4 hxg4+
59.Kxg4 f2 60.Ra1 Rg6+ 61.Kh4 Rg1  0-1

[Event "AUT-chT"]
[Site "?"]
[Date "1989.??.??"]
[Round "?"]
[White "Robatsch, Karl"]
[Black "Klinger, Josef"]
[Result "1/2-1/2"]
[WhiteElo "2400"]
[BlackElo "2475"]

1.Nf3 Nf6 2.c4 g6 3.Nc3 Bg7 4.e4 d6 5.d4 O-O 6.Be2 e5 7.O-O exd4 8.Nxd4 c6
9.Qc2 Qe7 10.Rd1 Re8 11.f3 Nbd7 12.b3 d5 13.cxd5 Qc5 14.Qd2 cxd5 15.exd5 Nxd5
16.Nxd5 Qxd5 17.Bb2 Qd6 18.Bf1 Nb6 19.Nb5 Qxd2 20.Rxd2 Bxb2 21.Rxb2 Rd8 22.Re1 Bf5
23.Re3 Rd1 24.Nc3 Ra1 25.Kf2 Rc8 26.Ne4  1/2-1/2

[Event "AUT-chT"]
[Site "?"]
[Date "1989.??.??"]
[Round "?"]
[White "Titz, Heimo"]
[Black "Schoeppl, Engelbert"]
[Result "1-0"]
[WhiteElo "2210"]
[BlackElo "2315"]

1.c4 Nf6 2.Nf3 g6 3.Nc3 Bg7 4.e4 d6 5.d4 O-O 6.Be2 e5 7.d5 Nbd7 8.Bg5 h6
9.Bh4 a5 10.Nd2 c6 11.O-O Nc5 12.b3 Qc7 13.a3 Nh7 14.f3 f5 15.Bf2 Nf6 16.b4 axb4
17.axb4 Rxa1 18.Qxa1 Na6 19.Qa3 Bd7 20.dxc6 Bc8 21.Nd5 Nxd5 22.cxd5 Nb8 23.b5 bxc6
24.bxc6 Bf6 25.Rb1 Bg5 26.Nc4 Ba6 27.Rxb8 Qxb8 28.Qxa6 fxe4 29.fxe4 Qb1+
30.Bf1 Qxe4 31.Nxd6 Qc2 32.Qe2 Qc1 33.Nc4 e4 34.c7 e3 35.Bg3  1-0

[Event "AUT-chT"]
[Site "?"]
[Date "1989.??.??"]
[Round "?"]
[White "Duer, Arne"]
[Black "Kostic, Vladimir"]
[Result "1/2-1/2"]
[WhiteElo "2390"]
[BlackElo "2335"]

1.c4 Nf6 2.Nf3 g6 3.Nc3 Bg7 4.e4 d6 5.d4 O-O 6.Be2 e5 7.Be3 Ng4 8.Bg5 f6
9.Bc1 Nc6 10.d5 Ne7 11.Nd2 Nh6 12.b4 f5 13.c5 Nf7 14.O-O Kh8 15.a4 Ng8 16.a5 Nf6
17.f3 Nh5 18.Rf2 Bf6 19.Nc4 Bh4 20.g3 Bf6 21.Bf1 f4 22.g4 Ng7 23.Ba3 h5 24.h3 Bh4
25.Rh2 Bg3 26.Rh1 Qh4 27.Qe2 Ne8 28.b5 Kg7 29.Bb4 Rh8 30.Bg2 Qe7 31.cxd6 cxd6
32.Nd2 Bd7 33.Nf1 Bh4 34.Nd2 Nc7 35.Rb1 Rac8 36.Qd3 a6 37.bxa6 bxa6 38.Nc4 Nb5
39.Nb6 Nxc3 40.Bxc3 Bb5 41.Qd2 Qc7 42.Bb4 Qc2 43.Rd1 Qb3 44.Nxc8 Rxc8 45.Bf1 Ng5  1/2-1/2

[Event "AUT-chT"]
[Site "?"]
[Date "1989.??.??"]
[Round "?"]
[White "Titz, Heimo"]
[Black "Herndl, Harald"]
[Result "0-1"]
[WhiteElo "2210"]
[BlackElo "2280"]

1.c4 Nf6 2.Nf3 g6 3.Nc3 Bg7 4.e4 d6 5.d4 O-O 6.Be2 e5 7.O-O Qe8 8.dxe5 dxe5
9.b4 Qe7 10.Qb3 c6 11.Be3 Nbd7 12.Nd2 Ne8 13.Na4 f5 14.f3 Kh8 15.Nc5 b6 16.Nxd7 Bxd7
17.a4 Be6 18.a5 b5 19.Qc3 Nd6 20.Bc5 Rfd8 21.Rad1 Qb7 22.Bxd6 Rxd6 23.Nb3 Rxd1
24.Rxd1 Qf7 25.cxb5 Bxb3 26.bxc6 Bxd1 27.Bxd1 fxe4 28.b5 Qd5 29.Bb3 Qxb5
30.c7 Qd7 31.Ba4 Qd4+ 32.Qxd4 exd4 33.Bd7 d3 34.Kf2 Bd4+ 35.Ke1 e3  0-1

[Event "Bad Mergentheim op"]
[Site "Bad Mergentheim"]
[Date "1989.??.??"]
[Round "?"]
[White "Przewoznik, Jan"]
[Black "Komljenovic, Davor"]
[Result "0-1"]
[WhiteElo "2390"]
[BlackElo "2470"]

1.Nf3 Nf6 2.c4 g6 3.Nc3 Bg7 4.e4 d6 5.d4 O-O 6.Be2 e5 7.Be3 Ng4 8.Bg5 f6
9.Bh4 g5 10.Bg3 Nh6 11.dxe5 fxe5 12.h4 g4 13.Nh2 Nc6 14.Nxg4 Nd4 15.Nxh6+ Bxh6
16.Bg4 Bxg4 17.Qxg4+ Kh8 18.Qd1 Qf6 19.Ne2 Ne6 20.b4 a5 21.b5 Qg6 22.Qc2 Nc5
23.Nc3 b6 24.Rd1 Rf7 25.Rd5 Raf8 26.Rxc5 bxc5 27.Ne2 a4 28.f3 a3 29.Qc3 Ra8
30.Qb3 Rff8 31.Rg1 Bc1 32.Bxe5+ dxe5 33.Nxc1 Rad8 34.Ne2 Qh6 35.Qc3 Qxh4+
36.g3 Qg5 37.Kf2 Rd6 38.Rh1 Rfd8 39.f4 Rd3 40.Qxe5+ Qxe5 41.fxe5 Rd2 42.e6 Rxa2
43.Rd1 Re8 44.Rd7 Rxe6 45.Ke3 Rxe2+ 46.Kxe2 Rxe4+ 47.Kf3 Rxc4 48.Rxc7 Ra4
49.b6 a2 50.b7 Rb4 51.Rc8+ Kg7 52.Ra8 Rxb7 53.Rxa2 Kf6 54.Ke4 Rc7 55.Kd5 Kf5
56.Kd6 Rc8 57.Rh2 c4 58.Rxh7 c3 59.Rh1 Ke4 60.g4 Rg8 61.Kc5 c2 62.Kb4 Rb8+  0-1

[Event "Bad Mergentheim op"]
[Site "Bad Mergentheim"]
[Date "1989.??.??"]
[Round "?"]
[White "Simic, Radoslav"]
[Black "Babula, Milan"]
[Result "1-0"]
[WhiteElo "2465"]
[BlackElo "2315"]

1.c4 Nf6 2.Nc3 g6 3.e4 d6 4.d4 Bg7 5.Nf3 O-O 6.Be2 e5 7.d5 a5 8.h4 Na6 9.Nd2 Nc5
10.h5 c6 11.Qc2 cxd5 12.cxd5 Bd7 13.Nb3 Na4 14.Nxa4 Bxa4 15.hxg6 fxg6 16.Qd3 Qb6
17.O-O Rfc8 18.Bd2 h5 19.Rfc1 Rxc1+ 20.Rxc1 Bd7 21.Be3 Qb4 22.Nd2 Qxb2 23.Nc4 Qxa2
24.Nxd6 a4 25.f3 Bf8 26.Nxb7 Rb8 27.Rc7 Qb3 28.Nc5 Qxd3 29.Bxd3 a3 30.Nxd7 Nxd7
31.d6 Rb4 32.Bc4+ Kh8 33.Be6 Nf6 34.d7 Rb1+ 35.Kh2 Be7 36.Rc8+ Kg7 37.d8=Q Bxd8
38.Rxd8 h4 39.Ra8 Nh5 40.Bg5  1-0

[Event "Belfort op"]
[Site "Belfort"]
[Date "1989.??.??"]
[Round "7"]
[White "Van Wely, Loek"]
[Black "Georgiev, Krum"]
[Result "1/2-1/2"]
[WhiteElo "2320"]
[BlackElo "2485"]

1.d4 Nf6 2.c4 d6 3.Nf3 g6 4.Nc3 Bg7 5.e4 O-O 6.Be2 e5 7.Be3 Ng4 8.Bg5 f6
9.Bh4 Qe8 10.O-O Kh8 11.dxe5 dxe5 12.Nd5 Rf7 13.h3 Nh6 14.c5 Be6 15.Qd2 Qf8
16.Rac1 Nc6 17.b4 Rd7 18.Bc4 Bxd5 19.exd5 Ne7 20.d6 cxd6 21.Be6 Rdd8 22.cxd6 Nhf5
23.Nxe5 Rxd6 24.Nf7+ Qxf7 25.Qxd6 Nxd6 26.Bxf7 Nef5 27.Rc7 Nxh4 28.Rd1 Bf8
29.Rd7 a5 30.R1xd6 Bxd6 31.Rxd6 axb4 32.Rb6 Nf5 33.g4 Nd4 34.Rxb4 Ne2+ 35.Kf1 Nc3
36.Rxb7 Nxa2 37.Bxa2 Rxa2  1/2-1/2

[Event "GMA-qual"]
[Site "Belgorod"]
[Date "1989.??.??"]
[Round "?"]
[White "Huzman, Alexander"]
[Black "Kuzmin, Alexey"]
[Result "1/2-1/2"]
[WhiteElo "2480"]
[BlackElo "2465"]

1.d4 Nf6 2.c4 g6 3.Nc3 Bg7 4.e4 d6 5.Be2 O-O 6.Nf3 e5 7.dxe5 dxe5 8.Qxd8 Rxd8
9.Bg5 Re8 10.Nd5 Nxd5 11.cxd5 c6 12.Bc4 cxd5 13.Bxd5 Nc6 14.O-O-O Bg4 15.Bxc6 Rac8
16.h3  1/2-1/2